[Event "Lasker Mem A"]
[Site "Barlinek POL"]
[Date "2006.06.07"]
[Round "5"]
[White "Warszawski,B"]
[Black "Kukla,M"]
[Result "0-1"]
[WhiteElo "2299"]
[BlackElo "2026"]

1.e4 c5 2.Nf3 e6 3.d4 cxd4 4.Nxd4 Nc6 5.Nc3 Qc7 6.Be3 a6 7.Be2 Nf6 8.O-O Bb4
9.Na4 b5 10.Nxc6 dxc6 11.Nb6 Rb8 12.Nxc8 Rxc8 13.c4 Bd6 14.f4 Nxe4 15.Qc2 Nf6
16.c5 Be7 17.Bd4 O-O 18.Rf3 Rfd8 19.Be5 Qa7 20.b4 Nd5 21.a3 Bf6 22.Bd3 h6
23.Bh7+ Kh8 24.Be4 a5 25.Bxd5 Bxe5 26.fxe5 Rxd5 27.Raf1 Rc7 28.Qe4 Rcd7 29.Rg3 Qc7
30.bxa5 Qxe5 31.Qxe5 Rxe5 32.a4 b4 33.Rg4 Rxc5 34.Rxb4 Rxa5 35.Rc1 Rda7 36.Rxc6 Rxa4
37.Rb8+ Kh7 38.h3 Ra2 39.Rc3 Rd7 40.Rg3 Rd1+ 41.Kh2 Rdd2 42.Rb7 Rf2 43.Rg4 h5
44.Rg3 Kh6 45.Rc7 h4 46.Rg4 g5 47.Rc8 f5  0-1

[Event "TCh-NOR"]
[Site "Oslo NOR"]
[Date "2006.06.07"]
[Round "1"]
[White "Kolas,T"]
[Black "Bern,I"]
[Result "1-0"]
[WhiteElo "2169"]
[BlackElo "2356"]

1.e4 c5 2.Nf3 e6 3.d4 cxd4 4.Nxd4 Nc6 5.Nc3 Qc7 6.Be3 a6 7.Bd3 Nf6 8.O-O Ne5
9.Nf3 Neg4 10.Bd2 Bc5 11.Qe2 d6 12.h3 Ne5 13.Nxe5 dxe5 14.Na4 Ba7 15.Be3 b5
16.Nc3 O-O 17.a4 b4 18.Nb1 Nd7 19.Nd2 Rd8 20.Rfd1 Nb8 21.Bxa7 Qxa7 22.Nc4 Nc6
23.a5 Bb7 24.Nb6 Rab8 25.Qe3 Rd6 26.Nc4 Qxe3 27.Nxe3 Rbd8 28.Nc4 Rd4 29.Nd2 Kf8
30.Kf1 Ke7 31.Ke1 R4d7 32.Nb3 Nd4 33.Nxd4 Rxd4 34.f3 b3 35.Ke2 bxc2 36.Bxc2 Rc8
37.Rxd4 exd4 38.Bd3 Kd6 39.Kd2 g5 40.Ra4 e5 41.Rb4 Kc7 42.Rb6 Rb8 43.Rf6 Bc6
44.Rxf7+ Kd6 45.Kc1 Bb5 46.Bxb5 Rxb5 47.Rxh7 Rxa5 48.Rg7 Kc5 49.Kc2 Kc4 50.Rc7+ Kb4
51.Rb7+ Kc4 52.b3+ Kc5 53.b4+  1-0

[Event "VIII Open"]
[Site "Salou ESP"]
[Date "2006.06.08"]
[Round "2"]
[White "Jorge Bort,E"]
[Black "Lacasa Diaz,J"]
[Result "1/2-1/2"]
[WhiteElo "2197"]
[BlackElo "2411"]

1.e4 c5 2.Nf3 e6 3.d4 cxd4 4.Nxd4 Nc6 5.Nc3 d6 6.Be3 Nf6 7.Qd2 Be7 8.f3 O-O
9.O-O-O d5 10.exd5 Nxd5 11.Nxd5 Qxd5 12.c4 Qd6 13.Nxc6 bxc6 14.f4 Qc7 15.Bd4 Rd8
16.Qe3 c5 17.Bc3 Rxd1+ 18.Kxd1 Bb7 19.Be2 Rd8+ 20.Kc1 Bf8 21.Bf3 Bc6 22.b3 Qb7
23.Rf1 Bxf3 24.Qxf3 Qxf3 25.Rxf3 f5 26.Kc2 Kf7 27.Rd3 Rxd3 28.Kxd3 Bd6 29.Ke3 g5
30.g3 Kg6 31.a3 Kh5 32.Kf3 Kg6 33.b4 gxf4 34.gxf4 cxb4 35.axb4 a6 36.Kg3 Kf7
37.h3 Ke8 38.Kf3 Kd7 39.Ke3 Kc6 40.Bd2 Be7 41.Kd4 Bf6+ 42.Kd3 Bd8 43.Kd4 Bf6+
44.Kd3 Bg7 45.Ke3 Bh6 46.Kd4 Kd6 47.Kd3 Kc6 48.Kd4 Kd6 49.Kd3 Kc6 50.Kd4  1/2-1/2

[Event "2nd Open"]
[Site "San Marino SMR"]
[Date "2006.06.08"]
[Round "5"]
[White "Martorelli,A"]
[Black "Abergel,T"]
[Result "0-1"]
[WhiteElo "2265"]
[BlackElo "2457"]

1.e4 c5 2.Nf3 e6 3.d4 cxd4 4.Nxd4 Nc6 5.Nc3 d6 6.Be3 Nf6 7.f4 Be7 8.Qf3 O-O
9.O-O-O Nxd4 10.Bxd4 Qa5 11.e5 dxe5 12.fxe5 Nd7 13.Qh5 g6 14.Qh6 Nxe5 15.Bb5 Bf6
16.Qf4 Bg7 17.Bxe5 Bxe5 18.Qxe5 a6 19.Rhf1 f5 20.Ne4 Qxb5 21.Nf6+ Kf7 22.Qc3 Qc6
23.Qa3 e5 24.Nxh7 Re8 25.Ng5+ Kg7 26.Rf3 Qf6 27.Ne4 Qe7 28.Nd6 Qg5+ 29.Kb1 Re7
30.g3 Be6 31.h4 Qf6 32.Ne4 Qf8 33.Qd6 Kg8 34.g4 f4 35.g5 Rc8 36.Nf6+ Kf7
37.Nd5 Bxd5 38.Rxd5 Rc6 39.Qb4 Qc8 40.h5 Qf5 41.Qb3 Rce6 42.h6 Qxg5 43.c4 Qxh6
44.Rh3 Qg5 45.Rh7+ Kf6 46.Rxe7 Rxe7 47.Qb6+ Kg7 48.a3 f3 49.Ka2 Qf6 50.Rd6 Qf7
51.Kb3 f2  0-1

[Event "Lasker Mem A"]
[Site "Barlinek POL"]
[Date "2006.06.09"]
[Round "7"]
[White "Szoen,D"]
[Black "Kachur,A"]
[Result "0-1"]
[WhiteElo "2440"]
[BlackElo "2261"]

1.e4 c5 2.Nf3 Nc6 3.Nc3 e6 4.d4 cxd4 5.Nxd4 Qc7 6.Be2 a6 7.O-O Nf6 8.Kh1 Nxd4
9.Qxd4 Bc5 10.Qd3 b5 11.f4 Bb7 12.Bf3 h5 13.e5 Ng4 14.Bxb7 Qxb7 15.Ne4 Rc8
16.c3 Be7 17.Be3 h4 18.h3 Nh6 19.a4 Nf5 20.Bf2 Rc4 21.Rfe1 Rxa4 22.Rxa4 bxa4
23.Nc5 Qc6 24.Qxa6 Bxc5 25.Qxc6 dxc6 26.Bxc5 Kd7 27.Kg1 Rb8 28.Ba3 c5 29.Re4 Kc6
30.Rxa4 Rd8 31.Ra5 Rd1+ 32.Kf2 Kd5 33.Rxc5+ Ke4 34.Rc4+ Kd3 35.Rc7 Ke4 36.Rc4+ Kd3
37.Ra4 Rb1 38.Rb4 Rc1 39.Ra4 Rb1 40.Ra7 Ke4 41.Rxf7 Ng3  0-1

[Event "2nd Festival"]
[Site "Lodi ITA"]
[Date "2006.06.09"]
[Round "7"]
[White "Sardo,G"]
[Black "Richards,De"]
[Result "1-0"]
[WhiteElo "2186"]
[BlackElo "1922"]

1.e4 c5 2.Nf3 e6 3.d4 cxd4 4.Nxd4 Nc6 5.Nc3 Qc7 6.Be3 a6 7.Be2 Nf6 8.O-O Be7
9.f4 d6 10.Qe1 Nxd4 11.Bxd4 O-O 12.Qg3 b5 13.a3 Bb7 14.Bd3 Rac8 15.Rae1 Rfd8
16.Kh1 Bc6 17.e5 Nh5 18.Qg4 g6 19.f5 dxe5 20.Bxe5 Bd6 21.fxg6 hxg6 22.Rxf7 Kxf7
23.Qxg6+  1-0

[Event "VIII Open"]
[Site "Salou ESP"]
[Date "2006.06.09"]
[Round "3"]
[White "Caruana,F"]
[Black "Korneev,O"]
[Result "1/2-1/2"]
[WhiteElo "2421"]
[BlackElo "2671"]

1.e4 c5 2.Nf3 e6 3.d4 cxd4 4.Nxd4 Nc6 5.Nc3 d6 6.g4 Nge7 7.Be3 a6 8.Nb3 b5
9.Qe2 Na5 10.O-O-O Nc4 11.Bg2 Qc7 12.Bf4 Bb7 13.Nd2 Ng6 14.Bg3 Nge5 15.f4 Nxb2
16.Kxb2 Rc8 17.fxe5 Qxc3+ 18.Kb1 Qxc2+ 19.Ka1 Qc3+ 20.Kb1 Qc2+ 21.Ka1 Bd5
22.exd5 Qc3+  1/2-1/2

[Event "ch-StP"]
[Site "St Petersburg RUS"]
[Date "2006.06.09"]
[Round "7"]
[White "Ivanov,Al3"]
[Black "Vitiugov,N"]
[Result "1/2-1/2"]
[WhiteElo "2375"]
[BlackElo "2550"]

1.e4 c5 2.Nf3 e6 3.d4 cxd4 4.Nxd4 Nc6 5.Nc3 Qc7 6.g3 a6 7.Bg2 Nf6 8.O-O Bc5
9.Nb3 Ba7 10.Bg5 Ne5 11.Kh1 h5 12.f4 Nc4 13.e5 Ng4 14.Ne4 Nge3 15.Qf3 Nxg2
16.Kxg2 b5 17.Rfe1 Bb7 18.Kh3 Bc6 19.Qc3 Kf8 20.Nd4 Bd5 21.b3 Qb7 22.Qd3 Na5
23.Rac1 b4 24.c4 bxc3 25.Rxc3 Nc6 26.Nd6 Qb6 27.Nxc6 dxc6 28.Rf1  1/2-1/2

[Event "2nd Open"]
[Site "San Marino SMR"]
[Date "2006.06.10"]
[Round "8"]
[White "So,W"]
[Black "Jaracz,P"]
[Result "1/2-1/2"]
[WhiteElo "2254"]
[BlackElo "2488"]

1.e4 c5 2.Nf3 e6 3.d4 cxd4 4.Nxd4 Nc6 5.Nc3 Qc7 6.f4 a6 7.Nxc6 Qxc6 8.Bd3 b5
9.Qe2 Bb7 10.Bd2 Bc5 11.O-O-O Ne7 12.Qh5 g6 13.Qg5 O-O-O 14.a3 f5 15.Rhe1 h6
16.Qg3 Kb8 17.Be3 Rc8 18.Bxc5 Qxc5 19.Qe3 Qxe3+ 20.Rxe3 Bc6 21.g3 Kc7 22.Rd2 Rcf8
23.Ne2 fxe4 24.Bxe4 Bxe4 25.Rxe4 g5 26.c4 gxf4 27.Nxf4 Nc6 28.b4 bxc4 29.Rxc4 Rf5
30.Nxe6+  1/2-1/2

[Event "10th Heraclion Open"]
[Site "Athens GRE"]
[Date "2006.06.11"]
[Round "2"]
[White "Georgiadis,I"]
[Black "Paganoglou,A"]
[Result "1-0"]
[WhiteElo "2269"]
[BlackElo "1943"]

1.e4 c5 2.Nf3 e6 3.d4 cxd4 4.Nxd4 Nc6 5.Nc3 a6 6.Nxc6 bxc6 7.Bd3 d5 8.O-O Qc7
9.Kh1 Nf6 10.f4 Be7 11.e5 Nd7 12.Na4 c5 13.c4 Bb7 14.Nc3 Nb6 15.b3 g6 16.Qe2 O-O
17.cxd5 Nxd5 18.Nxd5 Bxd5 19.Be3 Rfc8 20.Rac1 Qb7 21.Rfd1 a5 22.Bc4 Bc6 23.Rd2 a4
24.Kg1 Kg7 25.Rcd1 Qb4 26.h3 axb3 27.axb3 Qb7 28.Qf2 Ra5 29.Qe2 Rc7 30.f5 exf5
31.e6 fxe6 32.Bf4 Rd7 33.Qxe6 g5 34.Be5+  1-0

[Event "ch-FIN"]
[Site "Helsinki FIN"]
[Date "2006.06.11"]
[Round "2"]
[White "Niemi,K"]
[Black "Karttunen,M"]
[Result "1/2-1/2"]
[WhiteElo "2254"]
[BlackElo "2431"]

1.e4 c5 2.Nf3 e6 3.d4 cxd4 4.Nxd4 Nc6 5.Nc3 Qc7 6.Be3 a6 7.Qd2 Nf6 8.O-O-O Bb4
9.f3 Ne5 10.Nb3 b5 11.Qe1 Be7 12.f4 Ng6 13.e5 Ng4 14.Bd2 Bb7 15.h3 Bh4 16.g3 Bxh1
17.hxg4 Be7 18.Bxb5 axb5 19.Qxh1 Qc6 20.Nxb5 Qxh1 21.Rxh1 Rxa2 22.Ba5 f6
23.Nc3 Rxa5 24.Nxa5 fxe5 25.f5 Bb4 26.fxg6 Bxa5 27.Rxh7 O-O 28.Rh5 Bxc3 29.bxc3 Rf3
30.Rxe5 Rxg3 31.Rb5 Kf8 32.g5 Ke7 33.c4 Kd6 34.Ra5 e5 35.Ra6+ Kc7 36.Kd2 Rxg5
37.Kd3 Rg4 38.c5 Rd4+ 39.Kc3 Rd1 40.Ra8 Rg1 41.Ra6 Rg4 42.Kd3 Rd4+ 43.Kc3 Rd1
44.Ra8 e4 45.Re8 Rg1 46.Rxe4 Rxg6 47.Kd4 Kc6 48.Re7 Rg4+ 49.Ke3 Rg5 50.Kf4 Rg1
51.Kf3 Rg6 52.Kf4 Kc7 53.Re8 Rg2 54.Re5 Rxc2 55.Rg5 Rf2+ 56.Ke5 Rf7 57.Kd5 Kd8
58.c6 dxc6+ 59.Kxc6 Ke7 60.Kd5 Kf8 61.Ke4 Kg8 62.Rf5 Ra7 63.Kf3 Ra2 64.Kg3 Kh7
65.Rb5 Kh6 66.Kh3 Ra6 67.Kh4 Ra1 68.Kg3 Rg1+ 69.Kf2 Rg5 70.Rb4 Kh5 71.Rb8 Kh4
72.Rh8+ Rh5 73.Ra8 Kh3 74.Kg1 Rg5+ 75.Kh1 Rg3 76.Rh8+ Kg4 77.Ra8 Rb3 78.Kg2 Rb4
79.Ra3 Kf4 80.Rc3 Rb2+ 81.Kg1 Re2 82.Ra3 Re3 83.Ra2 Kg4 84.Kg2 Re4 85.Ra3 Re2+
86.Kg1 g5 87.Rb3 Kf4 88.Ra3 Re1+ 89.Kg2 Re4 90.Rb3 g4 91.Ra3 Rb4 92.Kg1 Rb2
93.Rc3 Kg5 94.Ra3 Kh4 95.Rc3 Rb4 96.Ra3 g3 97.Ra8 Kh3 98.Rh8+ Rh4 99.Rxh4+ Kxh4
100.Kg2 Kg4 101.Kg1 Kf3 102.Kf1 g2+ 103.Kg1 Kg3  1/2-1/2

[Event "2nd Open"]
[Site "San Marino SMR"]
[Date "2006.06.11"]
[Round "9"]
[White "Nevednichy,V"]
[Black "Zapata,A"]
[Result "1-0"]
[WhiteElo "2582"]
[BlackElo "2470"]

1.e4 c5 2.Nf3 e6 3.d4 cxd4 4.Nxd4 Nc6 5.Nc3 Qc7 6.Be2 Nf6 7.O-O a6 8.a4 Bc5
9.Nb3 Be7 10.f4 d6 11.Be3 b6 12.Qe1 Bb7 13.Qf2 Nd7 14.f5 O-O 15.Qg3 Bf6 16.Rad1 Be5
17.Bf4 Nf6 18.Bxe5 Nxe5 19.Rd4 Rad8 20.Rfd1 Rfe8 21.Kh1 Rd7 22.h3 h6 23.Rf1 exf5
24.Rxf5 Qd8 25.Nd2 Nc6 26.Rd3 Re5 27.Rf1 Nb4 28.Rdf3 Rg5 29.Qf2 Nxc2 30.Rf4 Nb4
31.Nc4 Re7 32.Rxf6 gxf6 33.Qxf6 d5 34.Ne3 Rd7 35.Ng4 Rg6 36.Qf4 Kg7 37.Ne5 d4
38.Nd1 Rc7 39.Nxg6 fxg6 40.Qe5+ Kh7 41.Rf8 Qxf8 42.Qxc7+ Qg7 43.Qxb6 d3 44.Bf3 Qe7
45.Nf2 Bc6 46.b3 Be8 47.Qd4 Bf7 48.Nxd3 Nc6 49.Qc3 Nd8  1-0

[Event "Open A"]
[Site "Voronezh RUS"]
[Date "2006.06.12"]
[Round "1"]
[White "Tologontegin,S"]
[Black "Shaposhnikov,E"]
[Result "0-1"]
[WhiteElo "2270"]
[BlackElo "2538"]

1.e4 c5 2.Nf3 e6 3.d4 cxd4 4.Nxd4 Nc6 5.Nc3 Qc7 6.g3 a6 7.Bg2 Nf6 8.O-O d6
9.a4 Be7 10.Re1 O-O 11.Nb3 b6 12.Be3 Bb7 13.f4 Rfd8 14.Qe2 Rab8 15.Rad1 Nb4
16.Bf2 Bf8 17.g4 Rbc8 18.g5 Nd7 19.Rd4 Nc6 20.Rd3 g6 21.Red1 Nb4 22.Rd4 Nc6
23.R4d3 Nb4 24.Rh3 Bg7 25.Rd2 Nf8 26.f5 exf5 27.exf5 Bxg2 28.Kxg2 gxf5 29.Bd4 Ng6
30.Qf2 Qe7 31.Bxg7 Kxg7 32.Qd4+ Qe5 33.Re3 Nc6 34.Qxb6 Qf4 35.Rf2 Qxg5+ 36.Rg3 Qf6
37.Qxa6 Kh8 38.Ne4 Qe7 39.Ned2 f4 40.Rc3 Qg5+ 41.Kf1 Qd5 42.Nf3 Qd1+ 43.Ne1 Re8
44.Re2 Nge5 45.Re4 Qd5 46.Qe2 f5 47.Rxe5 Qh1+ 48.Kf2 Nxe5 49.Rxc8 Ng4+ 50.Qxg4 Qxe1+  0-1

[Event "Masters"]
[Site "Las Vegas USA"]
[Date "2006.06.13"]
[Round "8"]
[White "Rensch,D"]
[Black "Boor,C"]
[Result "1-0"]
[WhiteElo "2360"]
[BlackElo "2233"]

1.e4 c5 2.Nf3 e6 3.d4 cxd4 4.Nxd4 Nc6 5.Nc3 Qc7 6.Be3 a6 7.Qd2 Nf6 8.O-O-O Be7
9.f3 O-O 10.g4 b5 11.g5 Ne8 12.Bd3 Nd6 13.Nxc6 Qxc6 14.h4 Nc4 15.Bxc4 Qxc4
16.Kb1 Bb4 17.Bd4 d6 18.a3 Ba5 19.Qd3 Qxd3 20.Rxd3 Bb7 21.b4 Bc7 22.Rg1 Rfd8
23.h5 Rd7 24.h6 g6 25.Rgd1 Bd8 26.f4 Bc7 27.Bc5 Rad8 28.e5 Rc8 29.Bxd6 Bxd6
30.Rxd6 Rxd6 31.Rxd6 Kf8 32.Kb2 Rc4 33.Rd8+ Ke7 34.Rh8 Rxf4 35.Rxh7 Bc6 36.Rh8 Rh4
37.h7 Bf3 38.Nb1 Rh2 39.Nd2 Bd5 40.Nf1 Rh3 41.Ne3 Bf3 42.c4 Kd7 43.Kc3 Rh4
44.cxb5 axb5 45.Nc2 Bd5 46.Nd4 Bc4 47.Nf3 Rh3 48.Kd4 Be2 49.Nd2 Kc7 50.Nb1 Rd3+
51.Ke4 Rh3 52.Nc3 Bc4 53.Kf4 Bd3 54.Nd1 Rh2 55.Kg3 Rh5 56.Nf2 Bf5 57.Kf4 Rh4+
58.Ke3 Kb7 59.Kd2 Rd4+ 60.Kc3 Rc4+ 61.Kb3 Rh4 62.a4  1-0

[Event "Open A"]
[Site "Voronezh RUS"]
[Date "2006.06.13"]
[Round "2"]
[White "Okrugin,S"]
[Black "Chebotarev,O"]
[Result "0-1"]
[WhiteElo "2355"]
[BlackElo "2493"]

1.e4 c5 2.Nf3 e6 3.Nc3 Nc6 4.d4 cxd4 5.Nxd4 a6 6.Be3 Nf6 7.Be2 Bb4 8.Bf3 Ne5
9.Ne2 Qc7 10.Qd4 Be7 11.Ng3 Nc4 12.b3 Nxe3 13.Qxe3 Bc5 14.Qd3 h5 15.Na4 Ba7
16.Qc3 Qxc3+ 17.Nxc3 d6 18.h4 Ke7 19.Nce2 e5 20.O-O g6 21.c4 Be6 22.Rac1 Ng4
23.Nc3 Rac8 24.Nge2 Rc7 25.g3 Rhc8 26.Bxg4 hxg4 27.Kg2 Rc5 28.a4 f5 29.Rcd1 R5c6
30.exf5 gxf5 31.Nd5+ Kf7 32.f3 gxf3+ 33.Rxf3 b5 34.Nb4 Rb6 35.cxb5 axb5 36.a5 Rb7
37.Rc3 Rxc3 38.Nxc3 Bxb3 39.Rxd6 Bc5 40.a6 Bxb4  0-1

[Event "Open A"]
[Site "Voronezh RUS"]
[Date "2006.06.14"]
[Round "3"]
[White "Elizarov,A"]
[Black "Shaposhnikov,E"]
[Result "0-1"]
[WhiteElo "2366"]
[BlackElo "2538"]

1.e4 c5 2.Nf3 e6 3.d4 cxd4 4.Nxd4 Nc6 5.Nc3 Qc7 6.Be3 a6 7.Qd2 Nf6 8.f3 Bb4
9.a3 Be7 10.g4 O-O 11.g5 Ne8 12.O-O-O b5 13.h4 b4 14.axb4 Bxb4 15.h5 Ne5
16.f4 Ng4 17.Bg1 Nd6 18.Qe2 Bxc3 19.bxc3 Nxe4  0-1

[Event "VIII Open"]
[Site "Salou ESP"]
[Date "2006.06.15"]
[Round "9"]
[White "Vila Gazquez,Ja"]
[Black "Jakobsen,O"]
[Result "1-0"]
[WhiteElo "2325"]
[BlackElo "2388"]

1.e4 c5 2.Nf3 e6 3.d4 cxd4 4.Nxd4 Nc6 5.Nc3 d6 6.Be2 Nf6 7.O-O Be7 8.Kh1 O-O
9.f4 Bd7 10.Be3 Nxd4 11.Bxd4 Bc6 12.Bd3 Nd7 13.Qh5 e5 14.fxe5 g6 15.Qf3 dxe5
16.Be3 Bg5 17.Bc4 Kg7 18.Rad1 Bxe3 19.Qxe3 Qe7 20.Nd5 Qc5 21.Qe2 b5 22.Bb3 a5
23.Nc7 Nf6 24.Nxa8 Bxa8 25.Bd5 Nxd5 26.exd5 f6 27.Qf2 Qxf2 28.Rxf2 Rd8 29.b3 b4
30.Kg1 f5 31.c4 bxc3 32.Rc2 a4 33.bxa4 e4 34.Rxc3 Kf6 35.a5 f4 36.a6 e3 37.a7 Rd7
38.d6 Ke6 39.Rc7 g5 40.Rxd7 Kxd7 41.Rb1  1-0

[Event "10th Heraclion Open"]
[Site "Athens GRE"]
[Date "2006.06.16"]
[Round "7"]
[White "Aggeli,E"]
[Black "Laggousis,A"]
[Result "0-1"]
[WhiteElo "1773"]
[BlackElo "1991"]

1.e4 c5 2.Nf3 Nc6 3.d4 cxd4 4.Nxd4 e6 5.Nc3 Bc5 6.Nb3 Bb4 7.Bd2 Nf6 8.Qe2 O-O
9.a3 Be7 10.e5 Ne8 11.O-O-O a6 12.f4 f5 13.g4 b5 14.gxf5 exf5 15.Bg2 Rb8
16.Rhg1 a5 17.Bd5+ Kh8 18.Qg2 a4 19.Na1 b4 20.axb4 Nxb4 21.Nxa4 Qa5 22.Bb3 Bb7
23.Qg3 Bc6 24.c3 Na2+ 25.Bxa2 Qxa4 26.Kb1 Be4+  0-1

[Event "ch-FIN"]
[Site "Helsinki FIN"]
[Date "2006.06.16"]
[Round "7"]
[White "Nouro,M"]
[Black "Topi Hulmi,T"]
[Result "1-0"]
[WhiteElo "2362"]
[BlackElo "2281"]

1.e4 c5 2.Nf3 Nc6 3.Nc3 e6 4.d4 cxd4 5.Nxd4 Nf6 6.Nxc6 bxc6 7.e5 Nd5 8.Ne4 Qc7
9.f4 Qb6 10.Bd3 f5 11.exf6 Nxf6 12.Nxf6+ gxf6 13.Qh5+ Kd8 14.Bd2 Bb4 15.c3 Be7
16.c4 Bb4 17.O-O-O Rb8 18.Bxb4 Qxb4 19.Rd2 Ba6 20.a3 Qb3 21.Qa5+ Qb6 22.Qc3 Ke7
23.c5 Qb7 24.Rhd1 Rbd8 25.g4 Bxd3 26.Rxd3 Qc7 27.Rd6 Rhg8 28.f5 e5 29.Qh3 Rg7
30.g5 Rf7 31.gxf6+ Ke8 32.Rg1  1-0

[Event "National Open"]
[Site "Las Vegas USA"]
[Date "2006.06.16"]
[Round "2"]
[White "Meyer,Pa USA"]
[Black "Murzin,L"]
[Result "0-1"]
[WhiteElo "2108"]
[BlackElo "2195"]

1.e4 c5 2.Nf3 e6 3.d4 cxd4 4.Nxd4 Nc6 5.Nc3 Qc7 6.Be3 a6 7.Be2 Nf6 8.a3 Be7
9.g4 d5 10.exd5 Nxd5 11.Nxd5 exd5 12.Qd2 O-O 13.O-O-O Ne5 14.Bf4 Bd6 15.Nf5 Nd3+
16.Qxd3 Bxf4+ 17.Kb1 Be6 18.Qd4 Be5 19.Ne7+ Kh8 20.Nxd5 Qb8 21.Qe4 f5 22.gxf5 Bxf5
23.Qb4 b5 24.Ne7 a5 25.Qc5 Be4 26.Rhe1 b4 27.Bb5 Rf4 28.Nc6 Bxc6 29.Bxc6 Bf6
30.Bxa8 bxa3 31.b3 a2+ 32.Kxa2 Ra4+ 33.Qa3 Rxa3+ 34.Kxa3 Qxa8 35.f3 h6 36.Rd3 Qc6
37.Re2 Qc5+ 38.Ka2 Kh7 39.c4 Qg1  0-1

[Event "Open A"]
[Site "Balatonlelle HUN"]
[Date "2006.06.17"]
[Round "1"]
[White "Preiser,H"]
[Black "Kragelj,I"]
[Result "0-1"]
[WhiteElo "1979"]
[BlackElo "2260"]

1.e4 c5 2.Nf3 e6 3.d4 cxd4 4.Nxd4 Nc6 5.Nc3 Qc7 6.Be2 a6 7.O-O Nf6 8.Be3 Bb4
9.Nxc6 bxc6 10.Na4 Be7 11.Qd4 Rb8 12.a3 d6 13.b4 O-O 14.f4 a5 15.c3 Nd7 16.Rab1 Bb7
17.bxa5 c5 18.Qd3 Qxa5 19.Nb2 Qxa3 20.Ra1 Qxb2 21.Rfb1 Bxe4 22.Rxb2 Bxd3
23.Rxb8 Rxb8 24.Bxd3 Bf6 25.Bd2 g6 26.Ra7 Nb6 27.c4 Kf8 28.h3 Ke8 29.Kf2 h5
30.Kf3 Nc8 31.Ra2 Ne7 32.Be4 d5 33.cxd5 exd5 34.Bd3 c4 35.Be2 d4 36.Ra5 Rb3+  0-1

[Event "Aerosvit GM"]
[Site "Foros UKR"]
[Date "2006.06.18"]
[Round "2"]
[White "Karjakin,Sergey"]
[Black "Rublevsky,S"]
[Result "1/2-1/2"]
[WhiteElo "2661"]
[BlackElo "2687"]

1.e4 c5 2.Nf3 e6 3.d4 cxd4 4.Nxd4 Nc6 5.Nc3 a6 6.Nxc6 bxc6 7.Bd3 d5 8.O-O Nf6
9.Re1 Be7 10.e5 Nd7 11.Na4 O-O 12.c4 a5 13.Qg4 f5 14.exf6 Nxf6 15.Qe2 Bd6
16.Bg5 e5 17.cxd5 cxd5 18.Nc3 Be6 19.Rad1 Qb8 20.Kh1 Bb4 21.Bxf6 gxf6 22.a3 Bxc3
23.bxc3 Qc7 24.Bb1 Rad8 25.Qh5 Kh8 26.Qh6 Qg7 27.Qxg7+ Kxg7 28.Ba2 Kf7 29.f4 exf4
30.Rd4 Rc8 31.Ra1  1/2-1/2

[Event "Open A"]
[Site "Balatonlelle HUN"]
[Date "2006.06.19"]
[Round "3"]
[White "Preiser,H"]
[Black "Fodor,I2"]
[Result "0-1"]
[WhiteElo "1979"]
[BlackElo "2214"]

1.e4 c5 2.Nf3 e6 3.d4 cxd4 4.Nxd4 Nc6 5.Nc3 Qc7 6.Be2 a6 7.O-O Nf6 8.Kh1 Be7
9.f4 d6 10.Bf3 Bd7 11.Be3 O-O 12.Qe1 Nxd4 13.Bxd4 Bc6 14.e5 dxe5 15.fxe5 Nd7
16.Qe3 Bxf3 17.Rxf3 Bc5 18.Re1 Rac8 19.Ne4 Bxd4 20.Qxd4 Nxe5 21.Nf6+ gxf6
22.Rc3 Qb8 23.Rg3+ Ng6 24.Qe3 Rxc2  0-1

[Event "Aerosvit GM"]
[Site "Foros UKR"]
[Date "2006.06.20"]
[Round "4"]
[White "Nisipeanu,LD"]
[Black "Rublevsky,S"]
[Result "0-1"]
[WhiteElo "2695"]
[BlackElo "2687"]

1.e4 c5 2.Nf3 e6 3.d4 cxd4 4.Nxd4 Nc6 5.Nc3 a6 6.Be2 d6 7.Be3 Bd7 8.a4 Nf6
9.Nb3 Na5 10.O-O Be7 11.Nd2 O-O 12.f4 Bc6 13.Bd3 d5 14.e5 d4 15.exf6 Bxf6
16.Nde4 Be7 17.f5 exf5 18.Rxf5 dxe3 19.b4 Bxe4 20.Nxe4 Nc6 21.Bc4 Qd4 22.Qxd4 Nxd4
23.Re5 Bxb4 24.Rb1 Nxc2 25.Ng5 Rac8 26.Ba2 Bc3 27.Re4 Nb4 28.Bb3 Nd3 29.Ba2 e2
30.Nxf7 Nc1  0-1

[Event "Open A"]
[Site "Voronezh RUS"]
[Date "2006.06.20"]
[Round "8"]
[White "Nadeev,S"]
[Black "Chebotarev,O"]
[Result "0-1"]
[WhiteElo "2307"]
[BlackElo "2493"]

1.e4 c5 2.Nf3 e6 3.d4 cxd4 4.Nxd4 Nc6 5.Nc3 a6 6.Nxc6 bxc6 7.Bd3 d5 8.O-O Nf6
9.Qe2 Qc7 10.Bg5 Bb7 11.Kh1 Nd7 12.Rae1 Bd6 13.exd5 cxd5 14.Qh5 Nc5 15.f4 Nxd3
16.cxd3 O-O 17.Rf3 f6 18.Bh4 d4 19.Ne4 f5 20.Ng5 g6 21.Nxe6 Qf7 22.Qg5 Bxf3
23.gxf3 Rfe8 24.Nxd4 Qd5 25.Qf6 Rxe1+ 26.Bxe1 Rf8  0-1

[Event "Open A"]
[Site "Voronezh RUS"]
[Date "2006.06.20"]
[Round "8"]
[White "Stepanov,AP"]
[Black "Zakhartsov,V"]
[Result "0-1"]
[WhiteElo "2300"]
[BlackElo "2547"]

1.e4 c5 2.Nc3 Nc6 3.Nf3 e6 4.d4 cxd4 5.Nxd4 Qc7 6.Be3 a6 7.Qd2 Nf6 8.f3 Ne5
9.Bd3 b5 10.O-O-O Bb7 11.Kb1 Rc8 12.Bf4 Bc5 13.Nce2 Be7 14.g4 d6 15.Bg3 O-O
16.h4 Nfd7 17.g5 Qb6 18.h5 Nc5 19.f4 Nc4 20.Bxc4 Nxe4 21.Qe3 bxc4 22.Rh3 c3
23.b3 e5 24.Nf5 Qxe3 25.Nxe3 exf4 26.Bxf4 Nf2  0-1

[Event "Open A"]
[Site "Voronezh RUS"]
[Date "2006.06.20"]
[Round "8"]
[White "Solodovnichenko,Y"]
[Black "Zontakh,A"]
[Result "1/2-1/2"]
[WhiteElo "2540"]
[BlackElo "2553"]

1.e4 c5 2.Nf3 e6 3.d4 cxd4 4.Nxd4 Nc6 5.Nc3 Qc7 6.Be3 a6 7.Bd3 Nf6 8.O-O b5
9.Nxc6 Qxc6 10.a3 Bb7 11.f3 Bc5 12.Qe1 d5 13.exd5 Nxd5 14.Nxd5 Qxd5 15.Rd1 Qe5
16.Bxc5 Qxc5+ 17.Kh1 O-O 18.b4 Qc7 19.Qh4 g6 20.c4  1/2-1/2

[Event "Open A"]
[Site "Voronezh RUS"]
[Date "2006.06.20"]
[Round "8"]
[White "Novikov,St"]
[Black "Papin,V"]
[Result "1/2-1/2"]
[WhiteElo "2545"]
[BlackElo "2388"]

1.e4 c5 2.Nf3 e6 3.d4 cxd4 4.Nxd4 Nc6 5.Nc3 Qc7 6.Be2 Nf6 7.O-O Be7 8.Kh1 O-O
9.f4 d6 10.Be3 a6 11.Qe1 Bd7 12.Qg3 Nxd4 13.Bxd4 Bc6 14.Rae1 b5 15.a3 Qb7
16.Bf3 Rad8 17.Nd1 Ne8 18.c3 a5 19.b4 axb4 20.axb4 Bf6 21.e5 dxe5 22.fxe5 Be7
23.Qg4 g6 24.Ne3 Bxf3 25.Rxf3 Ng7 26.Ref1 Qd7 27.Qf4 Nf5 28.Rh3 f6 29.Nxf5 exf5
30.Qh4 Rf7 31.exf6 Bxb4 32.Rb1 Bf8 33.Rd3 Qc6 34.Rbd1 Qc4 35.Qf2 Bh6 36.Qb2 Bg5  1/2-1/2

[Event "Open A"]
[Site "Voronezh RUS"]
[Date "2006.06.20"]
[Round "8"]
[White "Andreev,Ed"]
[Black "Okrugin,S"]
[Result "1/2-1/2"]
[WhiteElo "2470"]
[BlackElo "2355"]

1.e4 c5 2.Nf3 e6 3.d4 cxd4 4.Nxd4 Nc6 5.Nc3 Qc7 6.Be3 a6 7.Bd3 Nf6 8.O-O Ne5
9.a3 Bc5 10.Kh1 d6 11.f4 Ng6 12.f5 Ne5 13.Qe1 Bd7 14.Qg3 O-O 15.Nce2 exf5
16.Nxf5 Bxf5 17.Rxf5 Bxe3 18.Qxe3 Nxd3 19.cxd3 Qc2 20.Raf1 Qxb2 21.Ng3 Nd7
22.R5f2 Qe5 23.d4 Qe6 24.Nf5 f6 25.Qg3 g6 26.Nxd6 b5 27.Rc1 Rad8 28.Rc7 Nb6
29.Rc6 Nc4 30.d5 Qe7 31.Nxc4 bxc4 32.Rxc4 f5 33.Qc3 Qg7 34.Qd3 fxe4 35.Rxf8+ Qxf8
36.Rxe4 Qf5 37.Rd4 Qxd3 38.Rxd3 Kf7 39.Kg1 Kf6 40.Kf2 Ke5  1/2-1/2

[Event "Open A"]
[Site "Voronezh RUS"]
[Date "2006.06.21"]
[Round "9"]
[White "Ponomariov,T"]
[Black "Chebotarev,O"]
[Result "0-1"]
[WhiteElo "2251"]
[BlackElo "2493"]

1.e4 c5 2.Nf3 e6 3.d4 cxd4 4.Nxd4 Nc6 5.Nc3 a6 6.Be2 Nge7 7.f4 Qb6 8.Nb3 Ng6
9.Bd3 Qc7 10.O-O b5 11.Qe2 Bb7 12.e5 Be7 13.Ne4 Nb4 14.Be3 O-O 15.a4 bxa4
16.Rxa4 Bc6 17.Raa1 Nxd3 18.cxd3 f6 19.exf6 Bxf6 20.Bc5 Be7 21.Qe3 Bxc5 22.Nbxc5 Rxf4
23.Rxf4 Qxf4 24.Qd4 Qe5 25.Qxe5 Nxe5 26.Nd6 a5 27.d4 Ng6 28.Nc4 Nf4 29.Rxa5 Rf8
30.h3 Ne2+ 31.Kh2 Rf2 32.Ne3 Nxd4 33.b4 Re2 34.Ra3 Nf5 35.b5 Bxb5 36.Nxf5 exf5
37.Kg3 g5 38.h4 h6 39.hxg5 hxg5 40.Rf3 f4+ 41.Kg4 Rxg2+ 42.Kf5 Bc6 43.Rf1 Kf7
44.Rd1 Ke7 45.Nd3 d6 46.Nb4 Bd7+ 47.Kg6 f3 48.Nd5+  0-1

[Event "II Perla Baltyku"]
[Site "Mielno POL"]
[Date "2006.06.22"]
[Round "3"]
[White "Panocki,A"]
[Black "Sokolowski,Ry"]
[Result "1/2-1/2"]
[WhiteElo "2183"]
[BlackElo "2159"]

1.e4 c5 2.Nf3 e6 3.d4 cxd4 4.Nxd4 Nc6 5.Nc3 Qc7 6.Be3 a6 7.Qd2 Nf6 8.f3 Bb4
9.O-O-O Ne7 10.Nb3 d5 11.e5 Nd7 12.f4 h5 13.Kb1 Bxc3 14.Qxc3 Qxc3 15.bxc3 b6
16.Bd3 g6 17.g3 Bb7 18.Rhe1 Rc8 19.Kb2 Rc7 20.a4 Nf5 21.Bd4 Ke7 22.Ra1 a5
23.Reb1 Ra8 24.Kc1 Ba6 25.Kd2 Bc4 26.Nc1 Rc6 27.Bf2 Rac8 28.Ne2 Nc5 29.Bxc5+ bxc5
30.Rb7+ R8c7 31.Rab1 f6 32.Rxc7+ Rxc7 33.Bxc4 dxc4 34.Rb5 fxe5 35.fxe5 g5
36.Rxa5 Kf7 37.Kc1 Ne3 38.Ra8 Rd7 39.a5 Rd1+ 40.Kb2 Rd2 41.a6 Rxc2+ 42.Kb1 Rxe2
43.a7 Nd5 44.Rf8+ Kxf8 45.a8=Q+ Kf7 46.Kc1 Rxe5 47.Qa7+ Kf6 48.Qxc5 Re3 49.Qf8+ Ke5
50.Qg7+ Kf5 51.Qf7+ Kg4 52.Kd2 h4 53.gxh4 Kxh4 54.Qh7+ Kg4 55.h3+ Kf4 56.Qf7+ Kg3
57.Qg8 Re5 58.Qc8 Ne3 59.Qc7 Kf4 60.Qf7+ Ke4 61.Qg6+ Kf4 62.Qf7+ Nf5 63.Qc7 Ne3
64.Qf7+ Kg3 65.Qd7 Kf4 66.Qf7+ Kg3  1/2-1/2

[Event "Zudov Memorial"]
[Site "Nizhnij Tagil RUS"]
[Date "2006.06.22"]
[Round "3"]
[White "Pilavov,G"]
[Black "Dzhumadulaev,K"]
[Result "1-0"]
[WhiteElo "2550"]
[BlackElo "2288"]

1.e4 c5 2.Nf3 e6 3.Nc3 Nc6 4.d4 cxd4 5.Nxd4 Nf6 6.Ndb5 Bb4 7.a3 Bxc3+ 8.Nxc3 d5
9.exd5 exd5 10.Qe2+ Be6 11.Bg5 h6 12.Bh4 g5 13.Bg3 Qb6 14.Qb5 Qxb5 15.Nxb5 Ke7
16.f3 Bf5 17.Nd6 Bc8 18.O-O-O Rd8 19.Re1+ Kf8 20.h4 Kg7 21.hxg5 hxg5 22.Bd3 b6
23.Nxc8 Raxc8 24.Ba6 d4 25.Bxc8 Rxc8 26.Be5 d3 27.Bxf6+ Kxf6 28.cxd3 Ne5+
29.Kd2 Rd8 30.Rh6+ Kg7 31.Rxe5 Kxh6 32.Re7 a5 33.Rxf7 Kg6 34.Rc7 Rd6 35.a4 Kf5
36.Rc4 Rd5 37.Kc3 b5 38.axb5 Rxb5 39.d4 Kf4 40.Rc5  1-0